00506cam a22001572 4500001001100000005001700011008004100028020001700069040001500086050002700101100004300128245006600171260004800237300001700285650004600302000000201420151217151837.0070330s xx 000 0 eng d a0471118206 : aKABUcKABU 0aHD2336.35b.U6S53 19961 aShaw, Lisa Angowski Rogak.@000015118610aTelecommute! :bgo to work without leaving home /cLisa Shaw. aNew York :bJohn Wiley & Sons, Inc.,c1996. aviii, 216 p. 0aTelecommutingzUnited States.@0000151187